| 000 | 00749nam a2200277Ia 4500 | ||
|---|---|---|---|
| 005 | 20260324113840.0 | ||
| 008 | 008 260324s9999 xx 000 0 eng d | ||
| 020 | _a9788743804017 | ||
| 037 | _aEBOOK | ||
| 040 | _aCRL | ||
| 040 | _beng | ||
| 040 | _cCRL | ||
| 041 | _2eng | ||
| 041 | _aeng | ||
| 084 | _qCRL | ||
| 100 |
_aSteven Mates; Paul Allison; Veronica Eliasson _91148422 |
||
| 245 | 0 | _aDynamic Behavior of Materials, Volume 1 | |
| 245 | 0 | _bProceedings of the 2022 Annual Conference on Experimental and Applied Mechanics | |
| 260 | _bTaylor and Francis | ||
| 260 | _c2023 | ||
| 365 | _a | ||
| 856 | _uhttp://www.taylorfrancis.com/books/9788743804017 | ||
| 942 | _cEBOOK | ||
| 999 |
_c1738283 _d1738283 |
||